000 00346 a2200133 4500
001 154775
040 _cEscola São Tomás de Aquino
100 _aMOTA, Myriam Becho
240 1 0 _aHistória das cavernas ao terceiro milênio
_lpor
245 1 0 _aHistória das cavernas ao terceiro milênio
300 _a256
697 _aHISTÓRIA
942 _cBK
999 _c154775
_d154775